000 00487nab a2200145Ia 4500
003 ES-SlBCS
005 20210601134700.0
008 140529s1992 xxu||||| |||| 00| 0 spa d
041 _aspa
100 1 _aYounis, José Antonio
_9221632
245 0 0 _aLa televisión como dispositivo de mediación educativa en la socialización infantil
_c José Antonio Younis
650 0 4 _aSocialización
_9122234
773 0 _tAnuario de Psicologia
_gnº. 53, 1992, págs. 127-136
_wRev1509
942 _cAR
999 _c616339
_d616339